| 000 | 00454nam a2200157Ia 4500 | ||
|---|---|---|---|
| 003 | SGT | ||
| 020 | _a9789380358178 | ||
| 082 |
_a604.2 _bBHA |
||
| 100 | _aBhatt,N.D | ||
| 245 | _aEngineering drawing ; plane and solid geometry | ||
| 260 |
_bCharotar Publishing House Pvt. Ltd. _aGujarat _c2011 |
||
| 300 | _a728p. | ||
| 650 | _aMECHANICAL ENGINEERING | ||
| 653 | _aLINES LETTERING AND DIMENSIONING, SCALES, GEMETRICAL CONSTRUCTION | ||
| 942 |
_2ddc _cBK _081 |
||
| 999 |
_c5746 _d5746 |
||